|
|
|
|
| LEADER |
01410ppm a22003498a 4500 |
| 001 |
00031632 |
| 005 |
20171026081025.0 |
| 008 |
140109s2013 ||||||viesd |
| 041 |
0 |
# |
|a vie
|
| 082 |
1 |
4 |
|a 895.922 300 9
|b C104H
|
| 100 |
0 |
# |
|a Nguyễn, Thị Fil
|
| 245 |
1 |
0 |
|a Cảm hứng bi kịch trong truyện ngắn Nguyễn Ngọc Tư
|b Khóa luận tốt nghiệp : Ngành Sư phạm Ngữ Văn: Trình độ : Đại học
|c Nguyễn Thị Fil, Trần Thị Kim Phương; Nguyễn Phan Phương Uyên (hướng dẫn)
|
| 260 |
# |
# |
|a Đồng Tháp
|b Trường Đại học Đồng Tháp
|c 2013
|
| 300 |
# |
# |
|e 1 bản tóm tắt
|a 135 tr.
|c 30 cm.
|
| 500 |
# |
# |
|a ĐTTTS ghi: Bộ Giáo dục và Đào tạo. Trường Đại học Đồng Tháp. Khoa Khoa học Xã hội và Nhân văn
|
| 600 |
1 |
4 |
|a Nguyễn, Ngọc Tư
|
| 650 |
# |
4 |
|a Nghiên cứu văn học
|
| 653 |
# |
# |
|a Bi kịch
|
| 653 |
# |
# |
|a Cảm hứng
|
| 653 |
# |
# |
|a Truyện ngắn
|
| 700 |
1 |
# |
|a Nguyễn, Phan Phương Uyên
|e hướng dẫn
|
| 700 |
1 |
# |
|a Trần, Thị Kim Phượng
|
| 852 |
# |
# |
|b Kho đọc
|j KD.0015324
|
| 852 |
# |
# |
|j KD.0015324
|
| 910 |
# |
# |
|d 09/01/2014
|
| 980 |
# |
# |
|a Trung tâm Học liệu Lê Vũ Hùng, Trường Đại học Đồng Tháp
|